Movies Quiz

Random Movies or Actress Quiz

Actors by Movies Quiz Stats

 Plays Quiz Updated Sep 12, 2018

Challenge
Share
Tweet
Embed
Score 0/30 Timer 06:00
5 Plays Today
Movies Actor/Actress % Correct
Iron Man 2, Shaft, Coach CarterSamuel L. Jackson
64.8%
Pulp Fiction, The Kid, Sin CityBruce Willis
61.5%
Titanic, Enigma, The ReaderKate Winslet
60.9%
X-Men, Monster's Ball, Die Another DayHalle Berry
59.9%
Ella Enchanted, Get Smart, Bride WarsAnne Hathaway
59.5%
Spider-Man, Annapolis, Pineapple ExpressJames Franco
57.6%
Selena, Antz, EnoughJennifer Lopez
55.6%
Carlito's Way, I Am Sam, Mystic RiverSean Penn
55.5%
Norma Rae, Steel Magnolias, Mrs. DoubtfireSally Field
52.7%
The Sting, The Great Gatsby, All the President's MenRobert Redford
47.3%
Taxi Driver, Flightplan, The Brave OneJodie Foster
45.9%
Cool Hand Luke, Slap Shot, The VerdictPaul Newman
45.7%
After the Sunset, Semi-Pro, ZombielandWoody Harrelson
44%
The Godfather, Eraser, ElfJames Caan
42.3%
Fight Club, Big Fish, Corpse BrideHelena Bonham Carter
42%
Movies Actor/Actress % Correct
Platoon, Phone Booth, The Last King of ScotlandForest Whitaker
41%
Hello, Dolly!, All Night Long, Meet the FockersBarbra Streisand
38%
Rear Window, Vertigo, How the West Was WonJames Stewart
37.4%
Pearl Harbor, Black Hawk Down, Wicker ParkJosh Hartnett
37%
American Graffiti, Sabrina, FirewallHarrison Ford
33.9%
Annie Hall, Reds, Mama's BoyDiane Keaton
33%
Donnie Darko, Mona Lisa Smile, The Dark KnightMaggie Gyllenhaal
32.9%
Gattaca, The Avengers, Be CoolUma Thurman
32.5%
Nixon, Truman Show, RadioEd Harris
29%
Raising Arizona, Copycat, The IncrediblesHolly Hunter
27.2%
Top Gun, Bull Durham, War of the WorldsTim Robbins
24.6%
The Matrix, Memento, DisturbiaCarrie-Anne Moss
15.5%
Running Scared, The Departed, Up in the AirVera Farmiga
11.7%
Big Fish, Public Enemies, NineMarion Cotillard
9.3%
The Big Hit, American History X, Ocean's ElevenElliott Gould
5.4%

You're not logged in!

Compare scores with friends on all Sporcle quizzes.
OR
Log In

You Might Also Like...

Show Comments

Extras

Top Quizzes Today


Score Distribution

Your Account Isn't Verified!

In order to create a playlist on Sporcle, you need to verify the email address you used during registration. Go to your Sporcle Settings to finish the process.

Report this User

Report this user for behavior that violates our Community Guidelines.

Details: